Netherlands Difficult Knowledge - Statistics

General Stats
  • This quiz has been taken 95 times
  • The average score is 8 of 12
Answer Stats
Question Answer % Correct
The Kingdom of the Netherlands contains multiple nations, which ones? Netherlands, Curaçao, Aruba, Sint Maarten
100%
The Dutch language belongs to which language group? West-Germanic
100%
When did the Dutch national football team win their only cup ever, and which championship was it? 1988, European championship
90%
What city is the capital of the province of North-Holland Haarlem
90%
Who is known to be the mastermind behind the Zuiderzee works (the creation of the province of Flevoland in the Zuiderzee)? Cornelis Lely
80%
Which of these composers was of Dutch heritage? Ludwig van Beethoven
80%
What does the coat of arms of the Netherlands say? Je maintiendrai
70%
Which plane crash had the most Dutch people killed, also being the most deadly air disaster in world history? KLM 4805, Tenerife Airport disaster
60%
In 1975 and in 1977, two trains were hijacked by at De Punt and Wijster. What goal did these hijackers have? Independence for the Republic of South Moluccas
40%
The Eighty Years' War lasted how many years exactly? 80
30%
Who was the Dutch prime-minister, when Germany invaded the Netherlands? Dirk Jan de Geer
30%
Who was a prominent figure in the Dutch nazi party, NSB? Meinoud Rost van Tonningen
10%
No matching quizzes found
Score Distribution
Percent of People with Each Score
Percentile by Number Answered
Your Score History
You have not taken this quiz